Les comédies de P. Térence : Le bourreau de soi-même : La belle-mère /
Guardado en:
| Hovedforfatter: | |
|---|---|
| Format: | Bog |
| Sprog: | fransk |
| Serier: | (Bibliothèque Latine-Française. P. Térence ;
3) (Bibliothèque Latine-Française, Collection des Classiques Latins) |
| Fag: | |
| Tags: |
Ingen Tags, Vær først til at tagge denne postø!
|
MARC
| LEADER | 00000nam^a2200000^a^4500 | ||
|---|---|---|---|
| 001 | 000369194 | ||
| 005 | 20250526000000.0 | ||
| 009 | 20260310115829.091 | ||
| 037 | |a Acervo Xavier Clavigero | ||
| 041 | |a FRA | ||
| 082 | |a 878. |b BIB TER V. 3 | ||
| 100 | |a Terencio Afer, Publio |e (autor) | ||
| 240 | 1 | 4 | |a [El atormentador de sí mismo] |
| 240 | 1 | 4 | |a [La suegra] |
| 245 | 1 | 4 | |a Les comédies de P. Térence : |b Le bourreau de soi-même : La belle-mère / |c P. Terencio Afer ; tr. por J.A. Amar. |
| 264 | |a París, Francia : |b C.L.F. Panckoucke, |c 1831 | ||
| 300 | |a XV, 344 p. ; |c 21.5 cm. | ||
| 336 | |a texto |b txt |2 rdacontenido | ||
| 337 | |a sin mediación |b n |2 rdamedio | ||
| 338 | |a volumen |b nc |2 rdasoporte | ||
| 440 | 1 | |a (Bibliothèque Latine-Française. |p P. Térence ; |v 3) | |
| 440 | 1 | |a (Bibliothèque Latine-Française, Collection des Classiques Latins) | |
| 545 | 0 | |a Publio Terencio, el Africano (-159 AC) fue un dramaturgo en la época de la república romana. A pesar de ser solamente seis obras las que escribió, para los estudiosos de la literatura latina se consideran como el canon del latín más puro. La comedia de Terencio se encuentra basada en obras del griego Menandro, sin embargo las versiones del Africano utilizan un humor de mejor calidad e ingenio en la elaboración de las tramas que no resultan ser complicadas. La sátira de Terencio refleja el sentido aristocrático de la gente rica de la Roma imperial con un lenguaje culto y correcto. Es en la Edad Media y en el Renacimiento que su popularidad se extiende en Europa y para 1470 se editan por primera vez sus obras completas. | |
| 546 | |a Edición bilingüe francés-latín | ||
| 561 | |a Ex libris de Ponciano Herrera | ||
| 561 | |a Ex libris de Bibl. Magnopontanae Domus Scti. Ioseph. Prov. Mex. Sept. S.I | ||
| 649 | |a XX | ||
| 650 | |a Comedia Latina | ||
| 650 | |a Teatro Latino | ||
| 650 | |a Teatro Clásico | ||
| 650 | |a Literatura Latina - |y Siglo II a.C. | ||
| 650 | |a Literatura Clásica - |y Siglo II a.C. | ||
| 740 | 3 | |a Le bourreau de soi-même / |c P. Terencio Afer ; tr. por J.A. Amar. | |
| 740 | 3 | |a La belle-mère / |c P. Terencio Afer ; tr. por J.A. Amar. | |
| 910 | |a Fondo General | ||
| 920 | |a Impresos - Libros | ||
| 930 | |a Libros Antiguos y Raros | ||
| 940 | |a Literatura | ||
| 905 | |a 108 | ||
| 901 | |a 0500263039 |b IT2 |c LRA |u 20250526 | ||
| 902 | |a https://opac.biblio.iteso.mx/vufind/Record/000369194 | ||